00449nam a22001577a 450000500170000001000150001702000260003203500140005803700130007208200080008510000170009324500850011026000290019527000470022430000200027120201116142010.0 aENG-127620 a9789388927567c150.00 aEN-111152 bDBAD/PUB a880 aVyas,Namrata aEmancipation and changing Identity of Women in South Asian Novels/cNamrata Vyas aAhmedabadbVedant c2019 bAhmedabadaRajkot, Ahmedabad Surate360003 a151p.b22cm(hb)